Normal view
MARC view
- Analysis of variance
Entry Topical Term
001 - CONTROL NUMBER
- control field: 34534
003 - CONTROL NUMBER IDENTIFIER
- control field: NUST
005 - DATE AND TIME OF LATEST TRANSACTION
- control field: 20201026155449.0
008 - FIXED-LENGTH DATA ELEMENTS
- fixed length control field: 201026|| aca||aabn | a|a d
040 ## - CATALOGING SOURCE
- Original cataloging agency: NUST
- Transcribing agency: NUST
150 ## - HEADING--TOPICAL TERM
- Topical term or geographic name entry element: Analysis of variance
670 ## - SOURCE DATA FOUND
- Source citation: Work cat.: (NUST)0: Cobb, George W. 10205, Introduction to Design and Analysis of Experiments , [2015]
